00450 2200169 4500001002100000005001500021035002000036007000300056008004100059082001000100084001600110100002400126245005800150250001000208260003400218300002800252INLIS00000000000854920210423111225 a0010-0421000693ta210423 g | ind  a297.3 a297.3 DRS s0 aDrs.Syahminan Zaini1 aSyarat Memperoleh Rahmat Tuhan /cDrs.Syahminan Zaini acet.2 aJakarta :bKalam Mulia,c1991 a76 hlm. ;c14,5 x 20 cm